000 00561nam a22002177a 4500
001 00028628
005 20260321114607.0
008 260321b ag ||||| |||| 00| 0 spa d
020 _a9509445290
040 _aAR-CcCEOS
_bspa
_cAR-CcCEOS
041 _aspa
080 _a658.8
090 _bWIL
100 1 _aWilensky, Alberto L.
_9957
245 _aMarketing Estratégico /
_cAlberto L. Wilensky
250 _a7ª ed.
260 _aBuenos Aires :
_bTemas,
_c2006.
300 _a336 p. ;
_c23x16 cm.
655 0 _amarketing
_9832
942 _2udc
_cBK
_n0
999 _c28660
_d28660